000
00344nam a2200157Ia 4500
008
230605s2007 xx 000 0 und d
041
_a
eng
100
_a
Foll
245
_a
Modern french classic
260
_b
Hutchinsons
_c
2007
300
_a
543
365
_b
1185
_h
20
500
_a
1619
520
_a
Reference Copy
650
_a
French
999
_c
418371
_d
418371